NBA Teams by Player #1 - Statistics

General Stats
  • This quiz has been taken 60 times
    43 since last reset
  • The average score is 33 of 39
Answer Stats
Hint Answer % Correct
LeBron James Cleveland Cavaliers
100%
LeBron James Miami Heat
100%
LeBron James Cleveland Cavaliers
97%
LeBron James Los Angeles Lakers
97%
Shaquille O'Neal Los Angeles Lakers
97%
Shaquille O'Neal Orlando Magic
97%
Kevin Durant Brooklyn Nets
95%
Kawhi Leonard Los Angeles Clippers
95%
Russell Westbrook Oklahoma City Thunder
95%
Kevin Durant Oklahoma City Thunder
95%
Charles Barkley Phoenix Suns
95%
Kevin Durant Phoenix Suns
95%
Kawhi Leonard Toronto Raptors
95%
Paul Pierce Boston Celtics
92%
Shaquille O'Neal Cleveland Cavaliers
92%
Shaquille O'Neal Miami Heat
92%
Kawhi Leonard San Antonio Spurs
92%
Russell Westbrook Denver Nuggets
89%
Kevin Durant Golden State Warriors
89%
Kevin Durant Houston Rockets
89%
Shaquille O'Neal Boston Celtics
87%
Russell Westbrook Houston Rockets
87%
Chris Paul Los Angeles Clippers
87%
Chris Paul New Orleans Hornets
84%
Charles Barkley Philadelphia 76ers
84%
Chris Paul Golden State Warriors
82%
Russell Westbrook Los Angeles Lakers
82%
Shaquille O'Neal Phoenix Suns
82%
Russell Westbrook Los Angeles Clippers
79%
Chris Paul Phoenix Suns
79%
Russell Westbrook Washington Wizards
79%
Chris Paul Houston Rockets
76%
Chris Paul Los Angeles Clippers
76%
Chris Paul San Antonio Spurs
76%
Paul Pierce Brooklyn Nets
71%
Charles Barkley Houston Rockets
68%
Chris Paul Oklahoma City Thunder
61%
Paul Pierce Washington Wizards
53%
Paul Pierce Los Angeles Clippers
50%
No matching quizzes found
Score Distribution
Percent of People with Each Score
Percentile by Number Answered
Your Score History
You have not taken this quiz since the last reset